Logo BPK

Biblioteka

Politechniki Koszalińskiej

Pomiary geodezyjne przy wykonywaniu robót ziemnych i badaniu odkształceń podłoża / (Rekord nr 19134)

Szczegóły MARC
000 -ETYKIETA REKORDU
podpole kontrolne o stałej długości 00530nam a2200169 i 4500
001 - NUMER KONTROLNY REKORDU
pole kontrolne bg
040 ## - ŹRÓDŁO KATALOGOWANIA
Instytucja, która utworzyła rekord BPK
041 ## - KOD JĘZYKA
Kod języka tekstu pol
080 ## - UNIWERSALNA KLASYFIKACJA DZIESIĘTNA - UKD
UKD 528:624.13
008 - POLE O STAŁEJ DŁUGOŚCI - DANE KONTROLNE
podpole kontrolne o stałej długości s pl f |000 0 pol
100 1# - NAZWA OSOBOWA
Nazwa osobowa GRABOWSKI, Ryszard Józef
245 #0 - TYTUŁ/ODPOWIEDZIALNOŚĆ
Tytuł Pomiary geodezyjne przy wykonywaniu robót ziemnych i badaniu odkształceń podłoża /
Pozostałe elementy strefy tytułu i oznaczenia odpowiedzialności Ryszard Józef Grabowski.
260 ## - STREFA ADRESU WYDAWNICZEGO
Miejsce wydania [Białystok] :
Nazwa wydawcy/dystrybutora Wydawn. Polit. Białost.,
Data publikacji, dystrybucji/powstania dokumentu [1979].
300 ## - STREFA OPISU FIZYCZNEGO
Objętość s. 139 :
Inne cechy fizyczne rys., tab.
504 ## - UWAGA DOTYCZĄCA BIBLIOGRAFII
Informacje o bibliografii [Zawiera bibliogr. s. 139].
856 ## - LOKALIZACJA I DOSTĘP DO ELEKTRONICZNYCH DOKUMENTÓW ZDALNYCH
Link (URL) http://koha.tu.koszalin.pl/cgi-bin/koha/opac-detail.pl?biblionumber=19134
Tekst linku Katalog online BPK
942 ## - DODATKOWE ELEMENTY (KOHA)
Typ dokumentu Książka
Egzemplarze
Wycofany Status egzemplarza Uszkodzony Dostępność Lokalizacja stała Lokalizacja bieżąca Miejsce przechowywania Sygnatura Kod kreskowy Ostatnio wypożyczono Typ dokumentu
      Dostępny Biblioteka Politechniki Koszalińskiej Biblioteka Politechniki Koszalińskiej Wypożyczalnia BG 26851 01652291 14.10.2013 Książka
© 2023 Biblioteka Politechniki Koszalińskiej :: KOHA